| 000 | 00601nam 22002053 4500 | ||
|---|---|---|---|
| 001 | 32527 | ||
| 005 | 20260415080330.0 | ||
| 010 | _a9783551522917 | ||
| 090 | _a32527 | ||
| 100 | _a20260415d d||y0itay50 ba | ||
| 101 | _ager | ||
| 102 | _aDE | ||
| 200 |
_aHüte und andere Kopfbedeckungen aus aller Welt _fKaren Exner |
||
| 210 |
_aHamburg _cCarlsen _d©2025 |
||
| 215 |
_a1 volume ( senza paginazione) _cill. _d33 cm |
||
| 300 | _aFascia d'età: 9-14 | ||
| 500 |
_aHüte und andere Kopfbedeckungen aus aller Welt _926270 |
||
| 610 | _aCappelli - Libri per ragazzi | ||
| 700 |
_aExner _bKaren _926271 |
||
| 942 | _cBK | ||